Konkurencieschopnosť Slovenskej republiky v kontexte V4 vo svetle finančnej a hospodárskej krízy

Konkurencieschopnosť Slovenskej republiky a jej vývoj od roku 2003 - vývoj HDP, nezamestnanosti, štátneho rozpočtu a inflácie. Porovnanie vybraných ekonomických ukazovateľov Českej republiky. Konkurencieschopnosť Slovenska v rámci krajín Vyšehradskej štvorky.

Guardado en:
Detalles Bibliográficos
Autor principal: Malík, Marek
Formato: Capítulo de libro
Lenguaje:eslovaco
Materias:
Etiquetas: Agregar Etiqueta
Sin Etiquetas, Sea el primero en etiquetar este registro!

MARC

LEADER 00000naa$a2200000$$$4500
001 0102751
005 20240502072120.6
041 0 |a slo 
044 |a SK 
245 1 0 |a Konkurencieschopnosť Slovenskej republiky v kontexte V4 vo svetle finančnej a hospodárskej krízy  |c Marek Malík 
520 |a Konkurencieschopnosť Slovenskej republiky a jej vývoj od roku 2003 - vývoj HDP, nezamestnanosti, štátneho rozpočtu a inflácie. Porovnanie vybraných ekonomických ukazovateľov Českej republiky. Konkurencieschopnosť Slovenska v rámci krajín Vyšehradskej štvorky. 
610 2 0 |a konkurencieschopnosť 
610 2 0 |a konkurencia 
610 2 0 |a ukazovatele ekonomické 
610 2 0 |a produkt domáci hrubý 
610 2 0 |a rozpočet štátny 
610 2 0 |a inflácia 
610 2 0 |a nezamestnanosť 
610 2 0 |a Vyšehradská štvorka 
610 2 0 |a kríza finančná 
610 2 0 |a Slovensko 
100 1 |a Malík, Marek